First part of the Royal Commentaries of the Yncas. By the Ynca Garcilasso de la Vega. Translated and edited, with Notes and an Introduction by Clements R. Markham Volume I, containing Books I, II, III, and IV {Volume II, containing Books V, VI, VII, VIII and IX}
I tiakina i:
| Kaituhi matua: | |
|---|---|
| Hōputu: | Pukapuka |
| Reo: | Ingarihi |
| I whakaputaina: |
Londres
Hakluyt Society
1869
|
| Putanga: | 1a. ed |
| Rangatū: | Hakluyt Society, 41, 45
|
| Ngā marau: | |
| Ngā Tūtohu: |
Tāpirihia he Tūtohu
Kāore He Tūtohu, Me noho koe te mea tuatahi ki te tūtohu i tēnei pūkete!
|
MARC
| LEADER | 00000nam a2200000 a 4500 | ||
|---|---|---|---|
| 001 | UCJ5755 | ||
| 003 | CL-VaPUC | ||
| 008 | 070124e18690000UK |||||||||||||||||eng|d | ||
| 082 | 0 | 4 | |a 910.4 |b GAR |2 21 |
| 100 | |a Garcilaso de la Vega, Inca |e author |9 511464 | ||
| 245 | 1 | 0 | |a First part of the Royal Commentaries of the Yncas. By the Ynca Garcilasso de la Vega. Translated and edited, with Notes and an Introduction by Clements R. Markham Volume I, containing Books I, II, III, and IV {Volume II, containing Books V, VI, VII, VIII and IX} |
| 250 | |a 1a. ed | ||
| 300 | |a 2 v | ||
| 942 | |c BK | ||
| 945 | |d 20070124 00:00:00 |a rinostro | ||
| 260 | |a Londres |b Hakluyt Society |c 1869 | ||
| 500 | |a Front. v. 2, plano de Cuzco; p. 305, fortaleza de Sacsahuamán. Aun cuando se trata de un libro de Historia, se lo ha clasificado en Viajes por la índole de la Colección Hakluyt Society | ||
| 600 | 0 | 7 | |a CATALINA DE PORTUGAL |2 CL-VaPUC |9 511465 |
| 600 | 0 | 7 | |a VIRACOCHA |2 CL-VaPUC |9 509337 |
| 650 | 0 | |a Viajes |9 257115 | |
| 650 | 7 | |a INCAS |2 CL-VaPUC |9 256565 | |
| 650 | 0 | |a Conquista |9 339504 | |
| 650 | 0 | |a Colonización |9 265172 | |
| 650 | 0 | |a Genealogía |9 255285 | |
| 650 | 7 | |a BIOGRAFIA |2 CL-VaPUC |9 504622 | |
| 650 | 0 | |a Religión |9 255164 | |
| 650 | 7 | |a DERECHO |2 CL-VaPUC |9 511466 | |
| 650 | 0 | |a Cultura |9 269059 | |
| 650 | 0 | |a Arqueología |9 265619 | |
| 650 | 0 | |a Recursos naturales |9 255232 | |
| 650 | 7 | |a COCA |2 CL-VaPUC |9 505914 | |
| 650 | 0 | |a Tabaco |9 343563 | |
| 650 | 0 | |a Agricultura |9 255598 | |
| 650 | 7 | |a LEYENDAS |2 CL-VaPUC |9 265258 | |
| 650 | 0 | |a Historiografía |9 257871 | |
| 650 | 0 | |a Ciudades |9 265474 | |
| 650 | 7 | |a PLANOS |2 CL-VaPUC |9 260106 | |
| 651 | 0 | |a Perú |9 256567 | |
| 651 | 7 | |a CUZCO |2 CL-VaPUC |9 265268 | |
| 583 | |a last modification |c 20070124 00:00:00 |k Rodrigo Vera | ||
| 490 | 0 | |a Hakluyt Society, 41, 45 | |
| 999 | |c 321864 |d 321862 | ||
| 952 | |0 0 |1 0 |4 0 |6 910_400000000000000_GAR_1869 |7 0 |8 X |9 400733 |a FDOBUD |b FDOBUD |d 2019-11-22 |h v.1 |i 1038990 |o 910.4 GAR 1869 |p 1038990 |r 2019-11-22 |w 2019-11-22 |y BK_X |k BUD | ||
| 952 | |0 0 |1 0 |4 0 |6 910_400000000000000_GAR_1869 |7 0 |8 X |9 400734 |a FDOBUD |b FDOBUD |d 2019-11-22 |h v.2 |i 1039008 |o 910.4 GAR 1869 |p 1039008 |r 2019-11-22 |w 2019-11-22 |y BK_X |k BUD | ||